000 00383cam a2200145ua 4500
041 _aeng
_h
082 _a828.09
_bDAI/DA
100 _aDaiches, David .
245 _aCritical history of English literature Vol. II /
_cDavid Daiches.
_hTextual Documents
260 _aLondon :
_bSecker & Warburg ,
_c1963.
300 _a1169 ; .
504 _a
942 _cBK
999 _c7926
_d7926